000 00811nam a22002657a 4500
005 20160623123427.0
008 100602t xxu||||| |||| 00| 0 eng d
010 _aENG-96274
020 _a9780070683549
_c395.00
020 _a0070683549
_c395.00
035 _aEN-79807
037 _bDBAD/PUB
040 _aDPL
_bEng
082 _a629.13
100 _aAnderson, David F
_921842
245 _aUnderstanding flight /
_cby David F. Anderson [and] Scott Eberhardt
250 _a2nd ed.
260 _aNew Delhi
_bTata McGraw Hill Education
_c2010
270 _a7 West Patel Nagar
_bNew Delhi
_e110008
300 _axviii, 293p.:
_bill.
_c24 cm. (Pbk)
500 _aincludes index
650 _aAerodynamics
_921843
700 _aEberhardt, Scott
_921844
942 _2ddc
_cEN
_mAND
_h629.13
999 _c36487
_d36487